1990 1012 1596 1461 1857 1820 1838 1464 1558 1296 1133 1729 1352 1986 1257 1348 1909 1905 1579 1384 1707 1204 1426 1277 1756 1084 1586 1551 1258 1562 1591 1763 1270 1003 1032 1284 1592 1284 1156 1002 1133 1802 1901 1657 1889 1674 1128 1980 1103 1248 1371 1876 1020 1982 1721 1089 1070 1573 1242 1129 1449 1611 1240 1976 1573 1480 1757 1908 1516 1955 1873 1090 1934 1914 1894 1307 1846 1920 1508 1430 1119 1025 1266 1653 1822 1019 1651 1638 1774 1762 1595 1009 1988 1527 1825 1576 1867 1819 1535 BCNSPRNW ULIB Ver.6.0+V

เปลี่ยนเป็นภาษาไทย

Change to English
 แสดงรายละเอียดบรรณานุกรม
  กลับหน้าหลัก

Brief Record : Get Marc (ISO 2709) : E-mail record : QR code < ปิดหน้าต่าง
LEADER : 00000nam 2200000uu 4500
001    13399110915
003     ULIB
008    110613s||||||||th 000 0 tha d
020    9749006593
050  4 AC158^bว977พ 2547
100    ไวเยต์, คาโรล์ การ์บินี
245    ภายใต้โลก/ ^cผู้แต่ง ไวเยต์, คาโรล์ การ์บินี; แปล ตรัยเทพ เกษศิลป์
246 31 สำรวจโลกวิทยาศาสตร์
260    กรุงเทพฯ : ^bเพียร์สัน เอ็ดดูเคชั่น อินโดไชน่า, ^c2547
300    208 หน้า : ^bภาพประกอบ ; ^c28 ซม.
490    สำรวจโลกวิทยาศาสตร์
650  7 การทดลอง
650  7 โลก
650  7 วิทยาศาสตร์
700    ตรัยเทพ เกษศิลป์, ^eผู้แปล
945    ^p0^l0^i028552
995    ทศพร
999 ^a ใช้งานได้ทุกระบบ
รายการนี้ยังไม่มีแท็ก
คุณยังไม่ได้ล็อกอิน คุณสามารถมีกิจกรรมร่วมกับเว็บไซต์ได้ แต่ต้องล็อกอินก่อน ::
  ล็อกอิน

รายการสื่อสารสนเทศ

ลำดับที่ ประเภท เลขเรียก/บาร์โค้ด สถานที่ สถานะ
- ไม่พบข้อมูล -

รายการใกล้เคียง
    หัวเรื่อง [การทดลอง]
    หัวเรื่อง [โลก]
    หัวเรื่อง [วิทยาศาสตร์]

BibComment


ยังไม่เคยถูกคอมเมนท์

คอมเมนท์ทรัพยากรรายการนี้
  คอมเมนท์: ภายใต้โลก ผู้แต่..


 Copyright 2026. Bcnsprnw @Library